| 000 | 00897nac a22002651u 4500 | ||
|---|---|---|---|
| 010 | _a 2006042119 | ||
| 020 | _a9812569111 | ||
| 020 | _a9789812569110 | ||
| 020 | _a981256912X (pbk.) | ||
| 020 | _a9789812569127 (pbk.) | ||
| 035 | _a(OCoLC)ocm76142480 | ||
| 035 | _a(OCoLC)76142480 | ||
| 082 |
_a332.042 _bMAS |
||
| 090 |
_c8835 _d8835 |
||
| 100 | _aMasson, Paul R. | ||
| 245 | 1 | 0 |
_aLectures in international finance : _bcrisis, coordination, currency, unions, and debt / _cPaul R. Masson. |
| 260 |
_aNew Jersey : _bWorld Scientific Pub.,2007 _cc2007. |
||
| 300 |
_axxv, 177 p. : _bill. ; _c23 cm. |
||
| 500 | _adistributer: Baccah | ||
| 504 | _aIncludes bibliographical references (p. 169-173) and index. | ||
| 511 | _acatalogued by: wessam | ||
| 650 | 0 | _aInternational finance. | |
| 650 | 0 | _aMonetary policy. | |
| 942 |
_cBB _k332.042MAS |
||
| 999 |
_c8835 _d8835 |
||